Toán học, lớp 2A.B (Dành cho Hs tiểu học)

Đã lưu trong:
Chi tiết về thư mục
Định dạng: Sách
Các nhãn: Thêm thẻ
Không có thẻ, Là người đầu tiên thẻ bản ghi này!
Thư viện lưu trữ: Mạng thư viện Đại học Đà Nẵng
LEADER 00427nam a22001691a 4500
001 000040065
003 16360
005 20160412022723.0
008 160412s0 000
082 |a 4N(TK)1390-91 
245 |a Toán học, lớp 2A.B (Dành cho Hs tiểu học) 
OWN |a LNN 
999 |a From the UDN01 
TYP |a Monograph 
980 |a Mạng thư viện Đại học Đà Nẵng